| 000 | 00000nam##2200000za#4500 |
| 001 | 9.662052 |
| 003 | CaOODSP |
| 005 | 20210615120342 |
| 007 | ta |
| 008 | 150407|2000||||xxc||||| f|0| 0 fre|d |
| 020 | |a0-662-65132-4 |
| 040 | |aCaOODSP|bfre |
| 041 | |aeng |
| 041 | |afre |
| 043 | |an-cn--- |
| 086 | 1 |aF2-83/1999 |
| 110 | 1 |aCanada. |bMinistère des finances. |
| 245 | 10|aStructure et rôle |
| 260 | |aOttawa - Ontario : |bFinances Canada |c2000. |
| 300 | |aTexte français, 34p. : |bgraphiques ; |c24 cm. |
| 546 | |aBilingue |
| 563 | |aCouverture souple |
| 590 | |a00-32|b2000-08-11 |
| 691 | 07|aFinances|2gcpds |
| 776 | 0#|tStructure and role |w(CaOODSP)9.696455 |
| 776 | 0#|tStructure et rôle |w(CaOODSP)9.640570 |
| 791 | |tStructure and role |eeng|w(CaOODSP)9.662051 |